Statistiques concernant Coupe du monde 2022: La star de chaque équipe

Cliquez ici pour prendre le quiz!

Statistiques générales

  • Ce quiz a été pris 246 fois
  • Le résultat moyen est 8 sur 32

Statistiques - réponses

PaysJoueurs% Correct
ArgentineLionel Messi
99%
FranceKylian Mbappé
98%
BrésilNeymar
98%
PortugalCristiano Ronaldo
85%
CroatieLuka Modric
72%
Pays-BasVirgil van Dijk
50%
EspagnePedri
49%
AngleterreHarry Kane
28%
BelgiqueKevin de Bruyne
27%
Pays de GalleGareth Bale
18%
DanemarkChristian Eriksen
17%
UruguayLuis Suarez
17%
AllemagneThomas Muller
16%
Costa RicaKeylor Navas
15%
PologneRobert Lewandowski
14%
CanadaAlphonso Davies
13%
USAChristian Pulisic
12%
Corée du SudHeung-Min Son
12%
ÉquateurEnner Valencia
7%
SénégalKalidou Koulibaly
7%
CamerounVincent Aboubakar
7%
SuisseYann Sommer
4%
IranSardar Azmoun
2%
QatarAkram Afif
1%
SerbieAleksandar Mitrović
1%
MarocAcharf Hakimi
0%
MexiqueAndrès Guardado
0%
GhanaIñaki Williams
0%
Arabie SaouditeSalem Al-Dawsari
0%
JaponTakumi Minamino
0%
AustralieTomas Rogic
0%
TunisieYoussef Msakni
0%

Distribution des résultats

Percentile par nombre de réponses

% des personnes avec chaque résultat

Votre développement - résultats

Vous n’avez pas pris ce quiz